Redes sociales y tecnologías 2.0 (Registro nro. 7280)
[ vista simple ]
| 000 -Cabecera | |
|---|---|
| Campo de control de longitud fija | 01073ntm a22004217a 4500 |
| 005 - Fecha y hora de la última transacción | |
| Campo de control | 20260422191143.0 |
| 008 - Elementos de longitud fija--Información general | |
| Campo de control de longitud fija | 160107b2014 xxu||||| |||| 00| 0 spa d |
| 020 ## - International Standard Book Number | |
| Número Internacional Estándar del Libro (ISBN) | 9789877060287 |
| 041 ## - Idioma | |
| Código de idioma | Español |
| 082 ## - Clasificación Decimal Dewey | |
| Número de clasificación | 006.754 T656r2 |
| 100 ## - Entrada principal--Autor personal | |
| Nombre personal | Tomeo, Fernando |
| 9 (RLIN) | 1583 |
| 245 ## - Título propiamente dicho | |
| Título | Redes sociales y tecnologías 2.0 |
| 250 ## - Edición | |
| Mención de edición | 2 edición |
| 260 ## - Pie de imprenta | |
| Lugar de publicación, distribución, etc. | Argentina |
| 260 ## - Pie de imprenta | |
| Nombre del editor, distribuidor, etc. | Astrea |
| 260 ## - Pie de imprenta | |
| Fecha de publicación, distribución, etc. | 2014 |
| 300 ## - Descripción física | |
| Extensión | 248 páginas |
| 490 ## - Serie | |
| Título de la Serie | Investigación Criminal |
| 650 ## - Materia general | |
| Temática (materia general) | REDES SOCIALES |
| 650 ## - Materia general | |
| Temática (materia general) | DERECHO INFORMÁTICO |
| 650 ## - Materia general | |
| Temática (materia general) | SOCIEDAD DE LA INFORMACIÓN |
| 650 ## - Materia general | |
| Temática (materia general) | INTERNET |
| 650 ## - Materia general | |
| Temática (materia general) | TURISMO PARA LA DIFAMACIÓN |
| 650 ## - Materia general | |
| Temática (materia general) | |
| 650 ## - Materia general | |
| Temática (materia general) | ACOSO SOCIAL |
| 650 ## - Materia general | |
| Temática (materia general) | CIBERACOSO |
| 650 ## - Materia general | |
| Temática (materia general) | VIDEOS CASEROS |
| 650 ## - Materia general | |
| Temática (materia general) | FOTOGRAFÍAS |
| 650 ## - Materia general | |
| Temática (materia general) | PAREJAS EN LA WEB |
| 650 ## - Materia general | |
| Temática (materia general) | INFIDELIDAD |
| 650 ## - Materia general | |
| Temática (materia general) | DERECHOS DE AUTOR |
| 650 ## - Materia general | |
| Temática (materia general) | DERECHOS DE PROPIEDAD INTELECTUAL |
| 650 ## - Materia general | |
| Temática (materia general) | CIBERCRIMEN |
| 650 ## - Materia general | |
| Temática (materia general) | JACKERS |
| 650 ## - Materia general | |
| Temática (materia general) | CIBERGUERRA |
| 650 ## - Materia general | |
| Temática (materia general) | CIBERTERRORISMO |
| 942 ## - Punto de acceso adicional KOHA | |
| Tipo de ítem KOHA | Libro |
| Fuente del sistema de clasificación o colocación | Dewey Decimal Classification |
| Signatura completa | Código de barras | Programa Académico | Tipo de ítem |
|---|---|---|---|
| 006.754 T656r2 | 19919 | Investigación Criminal | Libro |